2022 Baltimore Orioles Leaders - Statistics

General Stats
  • This quiz has been taken 22 times
  • The average score is 10 of 56
Answer Stats
Statistic Player % Correct
Youngest - 21 Gunnar Henderson
94%
HR (Batting) - 33 Anthony Santander
44%
RBI - 89 Anthony Santander
39%
3B - 7 Jorge Mateo
39%
SB - 35 Jorge Mateo
39%
Oldest - 38 Robinson Chirinos
39%
G (Batting) - 156 Cedric Mullins
33%
PA - 672 Cedric Mullins
33%
AB - 608 Cedric Mullins
33%
R (Batting) - 89 Cedric Mullins
33%
H (Batting) - 157 Cedric Mullins
33%
CS - 10 Cedric Mullins
33%
2B - 35 Hays/Rutschman
33%
SO (Batting) - 154 Ryan Mountcastle
33%
BB (Batting) - 65 Adley Rutschman
22%
OPS - .806 Adley Rutschman
22%
OPS+ - 131 Adley Rutschman
22%
SLG - .455 Anthony Santander
22%
TB - 261 Anthony Santander
22%
GDP - 14 Anthony Santander
22%
OBP - .362 Adley Rutschman
17%
HBP (Batting) - 13 Anthony Santander
17%
L - 11 Jordan Lyles
17%
IP - 179 Jordan Lyles
17%
H (Pitching) - 196 Jordan Lyles
17%
R (Pitching) - 94 Jordan Lyles
17%
ER - 88 Jordan Lyles
17%
SHO - 1 Dean Kremer
11%
WHIP - 0.929 Felix Bautista
11%
SO9 - 12.1 Felix Bautista
11%
W - 12 Jordan Lyles
11%
HR (Pitching) - 26 Jordan Lyles
11%
BB (Pitching) - 52 Jordan Lyles
11%
HBP (Pitching) - 8 Jordan Lyles
11%
CG - 1 Kremer/Lyles
11%
SF - 7 Ryan Mountcastle
11%
G (Pitching) - 67 Dillon Tate
6%
IBB (Pitching) - 2 Dillon Tate
6%
H9 - 5.2 Felix Bautista
6%
GS - 32 Jordan Lyles
6%
SO (Pitching) - 144 Jordan Lyles
6%
BF - 774 Jordan Lyles
6%
SV - 19 Jorge Lopez
6%
IBB (Batting) - 2 Mancini/Mullins
6%
BB9 - 1.5 Bruce Zimmermann
0%
SO/W - 4.08 Bruce Zimmermann
0%
FIP - 2.74 Bryan Baker
0%
W-L% - .875 Cionel Perez
0%
ERA - 1.40 Cionel Perez
0%
ERA+ - 278 Cionel Perez
0%
HR9 - 0.3 Cionel Perez
0%
GF - 35 Jorge Lopez
0%
BK - 2 Jorge Lopez
0%
WP - 7 Kyle Bradish
0%
SH - 3 Mateo/Urias
0%
BA - .268 Trey Mancini
0%
No matching quizzes found
Score Distribution
Percent of People with Each Score
Percentile by Number Answered
Your Score History
You have not taken this quiz